00617nam a2200193Ia 4500003000900000008004100009040001600050080001700066100002500083245004500108260004600153300001700199650002900216650004100245650002200286942000700308999001500315952009300330IN-BaIIA211028s9999 xx 000 0 eng d cIIA Library a52(091)bKUH aKuhn, Thomas S93474 4aThe copernican revolutioncThomas S Kuhn aCambridgebHarvard University Pressc1957 axviii, 297p. aAstronomy - History9900 aAstronomy and astrophysics thesaurus aAstrophysics9794 cBK c1794d1794 00104070aBANbBANcGENd0000-00-00l0o52(091)/ KUHp1963r2021-11-05w0000-00-00yBK